Statistics for THE ULTIMATE FOOD QUIZ

Click here to take the quiz!

General Stats

  • This quiz has been taken 144 times
  • The average score is 6 of 12

Answer Stats

Answer% Correct
Apple
99%
French Fries
99%
Guacamole
82%
Skittles
69%
Peaches
56%
Oatmeal
53%
Strawberries
37%
Burger
23%
Bananas
19%
Tomatoes
17%
Kiwi
16%
Sushi
10%

Score Distribution

Percentile by Number Answered

Percent of People with Each Score

Your Score History

You have not taken this quiz